The story of Scotland

Gespeichert in:
Bibliographische Detailangaben
1. Verfasser: Darling, Frank Fraser (VerfasserIn)
Format: Buch
Sprache:Spanisch
Veröffentlicht: Glasgow William Collins of London 1942
Schlagworte:
Tags: Tag hinzufügen
Keine Tags, Fügen Sie den ersten Tag hinzu!

MARC

LEADER 00000nam a2200000 a 4500
001 UCQ7183
003 CL-VaPUC
008 981031e19420000UK |||||||||||||||||spa|d
082 0 4 |a 941.1  |b DAR  |2 21 
100 0 |a Darling, Frank Fraser  |e author  |9 421042 
245 1 4 |a The story of Scotland 
300 |a 47 p 
942 |c BK 
945 |d 19981031 00:00:00  |a crobeson 
260 |a Glasgow  |b William Collins of London  |c 1942 
650 7 |a HISTORIA DE ESCOCIA  |2 CL-VaPUC  |9 421043 
651 7 |a ESCOCIA  |2 CL-VaPUC  |9 332669 
583 |a last modification  |c 19981031 00:00:00  |k Rodrigo Vera 
999 |c 276941  |d 276939 
952 |0 0  |1 0  |4 0  |6 941_100000000000000_DAR_1942  |7 0  |8 A  |9 314572  |a BIBEDU  |b BIBEDU  |d 2019-11-20  |i 1487337  |o 941.1 DAR 1942  |p 1487337  |r 2019-11-20  |w 2019-11-20  |y BK  |k LIT